Management process and organisational behaviour/ (Record no. 195777)

MARC details
000 -LEADER
fixed length control field 00593nam a22001937a 4500
005 - DATE AND TIME OF LATEST TRANSACTION
control field 20230421101837.0
010 ## - LCCN (DPL NO)
LC control number ENG-136747
020 ## - INTERNATIONAL STANDARD BOOK NUMBER
International Standard Book Number 9789352830718
Terms of availability 250.00
035 ## - SYSTEM CONTROL NUMBER
System control number EN-120279
037 ## - SOURCE OF ACQUISITION
Source of stock number/acquisition DBAD/PUB
082 ## - DEWEY DECIMAL CLASSIFICATION NUMBER
Classification number 658.4
100 ## - MAIN ENTRY--PERSONAL NAME
Personal name Gupta, C.B.
245 ## - TITLE STATEMENT
Title Management process and organisational behaviour/
Statement of responsibility, etc C.B. Gupta
Remainder of title nine milestones on the hero path /
250 ## - EDITION STATEMENT
Edition statement 1st. ed.
260 ## - PUBLICATION, DISTRIBUTION, ETC. (IMPRINT)
Place of publication, distribution, etc New Delhi
Name of publisher, distributor, etc S Chand and company limited
Date of publication, distribution, etc 2018
270 ## - ADDRESS
Address Ram Nagar
City New Delhi
Postal code 110055
300 ## - PHYSICAL DESCRIPTION
Extent 230p.:
Dimensions 24cm (pbk)
Other physical details ill
942 ## - ADDED ENTRY ELEMENTS (KOHA)
Source of classification or shelving scheme Dewey Decimal Classification
Item type English Books
Classification part 658.4
Call number suffix GUP
Holdings
Withdrawn status Lost status Not for loan Collection code Home library Current library Date acquired Source of acquisition Cost, normal purchase price Full call number Barcode Copy number Cost, replacement price Koha item type
      Non-fiction Shahdara Branch Shahdara Branch 21/04/2023 DBAD/PUB 250.00 658.4 GUP EN-120279 1 250.00 English Books

© Delhi Public Library
Hit Counter
free hit counter